000 00791nam0a22002291 4500
001 rc\2580751
005 20250623115846.0
035 _a(NLR Aleph) 006745236
090 _a5686828
_c5686828
100 _a20110914d1928 |||y0rusy50 ca
101 0 _arus
102 _aRU
105 _ay z |||||
200 1 _aРезолюции
_fКоммунист. партия (бол.) Узбекистана. II пленум ЦК КП(б)Узбекистана 26-29 февр., 1-2 марта 1928 г.
210 _aСамарканд
_cБ. и.
_d1928
215 _a16 с.
_d27 см.
710 0 2 _aКП(б) Узбекистана
_bЦК
_bПленум
_f1928, февраль-март
801 0 _aRU
_bNLR
_gpsbo
801 1 _aRU
_bELAR
_2rusmarc
852 _aNLR
_jИп50 В-8/8
942 _cBOOK
980 _aNB